000 00363nam a2200157Ia 4500
003 OSt
005 20240306103045.0
008 170523s9999 xx 000 0 und d
020 _a 9788123912752
040 _ciimtu meerut
100 _aJAIN- SC
245 0 _aINTERNATINOAL MARKETING MANAGEMENT
260 _bCBS PUBLICATION
260 _c2002
942 _2ddc
_c02
999 _c980
_d980